Расчет доменных шихт: учебное пособие

Bibliografiske detaljer
Hovedforfatter: Павлов М. А.
Sprog:russisk
Udgivet: Ленинград, Госхимиздат, 1933
Udgivelse:3-е изд., доп.
Fag:
Format: MixedMaterials Bog
KOHA link:https://koha.lib.tpu.ru/cgi-bin/koha/opac-detail.pl?biblionumber=374365

MARC

LEADER 00000nam0a2200000 4500
001 374365
005 20231101051105.0
035 |a (RuTPU)RU\TPU\retro\31799 
035 |a RU\TPU\book\206948 
090 |a 374365 
100 |a 20221219d1933 m y0rusy50 ca 
101 0 |a rus 
102 |a RU 
105 |a a j 000zy 
200 1 |a Расчет доменных шихт  |e учебное пособие  |f М. А. Павлов 
205 |a 3-е изд., доп. 
210 |a Ленинград  |c Госхимиздат  |d 1933 
215 |a 134 с.  |c ил. 
610 1 |a доменное производство 
610 1 |a доменные шихты 
610 1 |a расчет 
610 1 |a доменные шлаки 
610 1 |a расчетные методики 
610 1 |a учебные пособия 
675 |a 669.162.26  |v 3 
700 1 |a Павлов  |b М. А. 
801 1 |a RU  |b 63413507  |c 20110117 
801 2 |a RU  |b 63413507  |c 20221219  |g RCR 
942 |c BK